|
|
|
|
| LEADER |
00000nab a2200000 ar4500 |
| 001 |
vtls010332391 |
| 003 |
SK-MaSNL |
| 005 |
20260303233442.0 |
| 008 |
171110c2011 xo wr|p|||||||000 b|slo |
| 038 |
|
|
|a PPPK
|
| 040 |
|
|
|a PPPKCL
|b slo
|c PPPKCL
|e AACR2
|
| 041 |
0 |
|
|a slo
|
| 044 |
|
|
|a xo
|c SK
|
| 080 |
|
|
|a 656.7
|x (437.6+438)
|2 2001
|
| 245 |
0 |
0 |
|a Prvé lietadlo vo štvrtok
|c [autor] (plk)
|
| 610 |
2 |
7 |
|a Letisko Poprad-Tatry (Poprad, Slovensko)
|2 pppkcl
|9 365830
|
| 650 |
0 |
7 |
|a doprava
|2 snkbucl
|9 1777
|
| 650 |
0 |
7 |
|a letecká doprava
|2 pppkcl
|9 50044
|
| 651 |
|
7 |
|a Gdansk-Poprad (letecká linka)
|2 pppkcl
|9 1270262
|
| 651 |
|
7 |
|a Poprad (Slovensko)
|2 pppkcl
|9 20155
|
| 651 |
|
7 |
|a Gdansk (Poľsko)
|2 pppkcl
|9 30235
|
| 773 |
0 |
|
|t Podtatranské noviny
|g Roč. LII, č. 49 (2011), s. 3
|x 1210-2423
|
| 852 |
|
|
|a PPPK
|b KIS3GCP
|
| 999 |
|
|
|c 2515224
|d 2517154
|